Words Gone to Pot Quiz Stats

 Plays Quiz Updated Aug 5, 2014

Support Sporcle.
Go Orange.
Score 0/20 Timer 04:00
1 Play Today
Hint Answer % Correct
'Breakfast at Tiffany's' author TrumanCAPOTE
81%
Edible starchy tuberPOTATO
80.4%
Small roundish mark (as on a leopard); particular place or pointSPOT
79.2%
Railroad or bus stationDEPOT
79.2%
Lottery cash prizeJACKPOT
78.9%
Mexican food restaurant chain named after 'smoked chili'CHIPOTLE
77.2%
Large semiaquatic African mammal; lit. 'river-horse'HIPPOPOTAMUS
76.4%
Totalitarian rulerDESPOT
74.7%
Having the capacity to develop into something POTENTIAL
74.7%
Tentative explanation for an observation or scientific problem HYPOTHESIS
73.6%
Hint Answer % Correct
Longest side of a right triangleHYPOTENUSE
73.4%
Safe to drinkPOTABLE
72.6%
Liquid supposed to have magical propertiesPOTION
72.1%
Practice of of favoring relatives for promotionsNEPOTISM
68.6%
Mixture of dried petals and spices used as perfume POTPOURRI
67%
All powerfulOMNIPOTENT
63.8%
One who prepares and sells medicinesAPOTHECARY
63.4%
Silvery-white reactive metal, atomic #19POTASSIUM
59.4%
Historic land between Tigris and Euphrates riversMESOPOTAMIA
49.4%
Fruit preserved or cooked in syrupCOMPOTE
42.5%

You're not logged in!

Compare scores with friends on all Sporcle quizzes.
OR
Log In

From the Vault

Big 4 Blitz: Last 10 Champs

by jayrodss7

This quiz covers a lot of wasted champagne in a short amount of time.
Remove Ads.
Support Sporcle.
Get the best of Sporcle when you Go Orange. This ad-free experience offers more features, more stats, and more fun while also helping to support Sporcle. Thank you for becoming a member.

Show Comments

Extras

Top Quizzes Today


Score Distribution

Your Account Isn't Verified!

In order to create a playlist on Sporcle, you need to verify the email address you used during registration. Go to your Sporcle Settings to finish the process.

Report this User

Report this user for behavior that violates our Community Guidelines.

Details: